| 000 | 01007nam0a22002771 4500 | ||
|---|---|---|---|
| 001 | rc\4431687 | ||
| 005 | 20260406115041.0 | ||
| 021 |
_aRU _b[57-39031] |
||
| 035 | _a(NLR Aleph) 008311363 | ||
| 090 |
_a8699265 _c8699265 |
||
| 100 | _a20130416d1957 |||y0rusy50 ca | ||
| 101 | 0 | _arus | |
| 102 | _aRU | ||
| 105 | _aa z ||||| | ||
| 200 | 1 | _aЮность Лермонтова | |
| 210 |
_aМосква _cСов. писатель _d1957 |
||
| 215 |
_a359 с., 9 л. ил. _d21 |
||
| 320 | _aБиблиогр. в подстроч. примеч. | ||
| 700 | 1 |
_aИванова _bТ. А. _cлитературовед, музейный работник _f1893-1980 _gТатьяна Александровна _9224550 _3RU\NLR\AUTH\770224606 |
|
| 702 | 1 |
_4570 _7ca _8rus _aЛермонтов _bМ. Ю. _cпоэт _f1814-1841 _gМихаил Юрьевич _9110383 _3RU\NLR\auth\77328 |
|
| 801 | 0 |
_aRU _bNLR _gpsbo |
|
| 801 | 1 |
_aRU _bELAR _2rusmarc |
|
| 852 |
_aNLR _j57-3/2983 |
||
| 942 | _cBOOK | ||
| 980 | _aNB | ||